[Event "Chess Festival Cracovia B 2020"]
[Site "Krakow"]
[Date "2020.12.30"]
[Round "4.7"]
[White "Golenia, Wojciech"]
[Black "Liberadzki, Slawomir"]
[Result "1-0"]
[WhiteElo "2004"]
[BlackElo "1947"]
[Annotator "TA"]
[PlyCount "151"]
[EventDate "2020.12.28"]
[EventCountry "POL"]
[SourceTitle "playchess.com"]
[Source "ChessBase"]
[SourceQuality "1"]

{[%evp 9,151,25,29,27,37,35,37,39,52,39,75,24,42,33,39,41,29,7,64,40,35,41,47,40,49,16,101,111,100,66,156,160,191,175,323,226,226,215,246,274,255,0,238,207,204,162,196,186,205,153,181,180,200,140,158,0,187,107,120,140,133,137,125,102,104,106,161,166,248,197,188,180,261,254,255,241,236,154,137,135,217,199,207,206,181,145,172,158,251,168,160,154,142,168,168,168,159,166,143,125,561,561,508,503,1077,981,929,939,1299,1269,1254,1222,1220,1212,1136,1113,29959,1121,29963,29966,29966,29967,29966,29968,29968,29968,29978,29979,29979,0,29966,0,29979,29979,29980,29980,29981,29980,29979,29980,29985,29985,29985,29986]} 1. d4 d5 2. Bf4 Nf6 3. e3 Bf5 4. c4 c6 5. Nc3 e6 6. Qb3 {D10: Slav Defence: 3 cxd5 (without early Nf3) and 3 Nc3.} Qb6 {6...Qc8 is more fashionable.} 7. c5 Qxb3 8. axb3 {White is slightly better.} Nbd7 9. b4 Nh5 10. Bg3 (10. Bc7 $16) 10... Nxg3 $11 11. hxg3 Be7 12. b5 O-O 13. Nf3 Rfc8 {[#]} (13... a6 $11) 14. bxc6 $146 ({Predecessor:} 14. Be2 b6 15. bxc6 Rxc6 16. Bb5 Rc7 17. b4 bxc5 18. dxc5 Bf6 19. Nd4 Bxd4 20. exd4 {1-0 (34) Koepke,C (1453)-Jung,N (1119) Bad Soden 2019}) 14... bxc6 15. b4 Bf6 16. Kd2 Rcb8 17. Ra4 e5 (17... a5 $1 $11 18. b5 (18. Rxa5 Rxa5 19. bxa5 Rb2+ 20. Kd1 Nxc5 $17) 18... cxb5 19. Nxb5 e5) 18. Ba6 $16 Bg4 19. Ne2 e4 (19... h6 $14) 20. Ne1 $1 Nf8 21. Nc2 Bc8 (21... Ne6 $142 22. Nc3 Nc7) 22. Rha1 Bd7 23. Nc3 Ne6 24. Be2 Rb7 25. Ba6 Rbb8 26. R4a3 Nc7 27. Be2 Rb7 28. Rb1 Kf8 29. Rh1 h6 30. Rha1 Ke8 31. Na4 Rab8 32. Nc3 Ra8 33. Rb3 (33. Ba6 $18 Rbb8 34. Be2) 33... Bd8 34. Ba6 Rbb8 35. Rb2 Ke7 36. f3 $36 {[%mdl 2048] Black is under strong pressure.} f5 37. Rba2 Ke6 (37... Be6 $16 {might work better.}) 38. Be2 $18 Rb7 (38... a6 $142 39. Bxa6 Kf7) 39. g4 exf3 40. gxf5+ Kf6 (40... Kf7 $142) 41. gxf3 Bxf5 42. e4 Be6 43. exd5 Bxd5 44. Ra3 Ke6 (44... Kf7 $16 {is a better defense.}) 45. Nxd5 Nxd5 46. Bc4 Bg5+ 47. Ke2 Re7 48. Kf2 Kf5 (48... Rae8 $16 {was worth a try.} 49. Rxa7 Kf5 50. Bxd5 Re2+ 51. Kf1 cxd5) 49. Bxd5 cxd5 50. Ne3+ $1 Bxe3+ 51. Rxe3 Rae8 52. Rxe7 Rxe7 {[%mdl 4096] Endgame KR-KR} 53. b5 Rb7 54. Rb1 g5 $2 {[%mdl 8192]} (54... Rb8 $16 {is a better chance.}) 55. c6 $1 {[%cal Rc6b7]} Rc7 {[#]} 56. Re1 {[%cal Re1e8]} Kf4 (56... Kf6 $142 57. Re8 h5) 57. Re6 {[%cal Re6f6]} g4 58. fxg4 Kxg4 59. Rxh6 Kf4 60. Rh4+ Kg5 61. Rh1 Kf4 62. Ke2 a6 63. bxa6 Rxc6 {[#]} 64. Ra1 $1 Rc8 65. Kd3 Ra8 66. a7 Kf5 67. Ra6 Kg5 68. Kc3 Kf5 69. Kd3 Kg5 $1 70. Kc3 Kf5 $1 71. Kb4 {White mates.} Ke4 72. Kc5 Rc8+ 73. Kb5 Ra8 74. Ra4 Rxa7 75. Rxa7 Kxd4 76. Rd7 {Weighted Error Value: White=0.23/Black=0.36} 1-0

[Event "Chess Festival Cracovia B 2020"]
[Site "Krakow"]
[Date "2020.12.30"]
[Round "4.8"]
[White "Janus, Przemyslaw"]
[Black "Sowinski, Pawel"]
[Result "0-1"]
[WhiteElo "2062"]
[BlackElo "1767"]
[Annotator "TA"]
[PlyCount "122"]
[EventDate "2020.12.28"]
[EventCountry "POL"]
[SourceTitle "playchess.com"]
[Source "ChessBase"]
[SourceQuality "1"]

{[%evp 15,122,-17,-1,-44,-42,-64,-50,-70,-67,-85,-77,-78,-68,-82,-90,-87,-74,-75,-69,-77,-72,-92,-101,-98,-90,-99,-84,-100,-25,-34,-22,-34,61,0,78,0,0,0,77,-16,34,-33,-39,-38,-12,-20,0,-129,-136,-138,-83,-145,-145,-149,-127,-139,-68,-169,-159,-175,-133,-166,-153,-176,-165,-187,-195,-228,-228,-228,-167,-167,-167,-167,-167,-274,-201,-571,-565,-534,-539,-515,-508,-722,-710,-680,-684,-677,-643,-597,-581,-2921,-2779,-2389,-772,-2101,-1856,-1289,-912,-29981,-29982,-29981,-29982,-29980,-29981,-29982,-29983,-29991,-29992]} 1. Nf3 Nf6 2. g3 c5 3. Bg2 Nc6 4. O-O g6 5. d3 d5 6. Nbd2 Bg7 7. e4 O-O 8. Re1 e5 9. h3 {A08: King's Indian Attack.} d4 10. Kh2 {[#]} h6 $146 ({Predecessor:} 10... Qe7 11. Ng1 Bd7 12. f4 exf4 13. gxf4 Nh5 14. Nb3 Bh6 15. Rf1 f5 16. e5 Nxe5 {1-0 (63) Braunstein,F (1939)-Richter,V (2125) Leutersdorf 2009}) 11. Qe2 {Black is slightly better.} Be6 12. Nh4 a6 13. b3 Qe7 14. Nhf3 b5 15. Bb2 Qd6 16. Rec1 Rfd8 17. Bf1 Nd7 18. c3 dxc3 19. Bxc3 Rac8 20. Bb2 Ndb8 21. Rc2 f5 (21... h5 $17 22. Kg1 Nb4) 22. Ba3 Nd7 23. Rac1 {[%cal Ra3c5]} b4 ({Black should try} 23... f4 $15) 24. Bb2 (24. exf5 $1 $14 gxf5 25. Bb2) 24... Rf8 (24... f4 $1 $11 {keeps the balance.}) 25. Nc4 (25. Nh4 $16) 25... Bxc4 $11 26. Rxc4 Rf7 (26... f4 $11 {remains equal.}) 27. Bg2 (27. exf5 $16 Rcf8 28. Nh4) 27... Rcf8 28. Rf1 (28. exf5 $14 Rxf5 29. Qe4) 28... f4 $15 29. g4 g5 30. Rfc1 Nd4 31. Nxd4 (31. Bxd4 $11 exd4 32. Kg1) 31... exd4 $17 32. Bf3 a5 (32... Re8 $142 33. R1c2 Qb6) 33. Kg2 (33. e5 $142 Bxe5 34. Qe4) 33... Re8 34. a3 Rff8 35. Qc2 {[%cal Rc4c5] [#]} Rb8 ({Black should play} 35... Rc8 $1 $17) 36. a4 (36. e5 $15 Qxe5 37. axb4 axb4 38. Ra1) 36... Rbc8 37. Qe2 Rfe8 38. Rh1 Ne5 39. Rcc1 Qe6 40. Qd1 Qa6 41. Rc4 Nxc4 42. dxc4 d3 43. Bxg7 Kxg7 44. Qxd3 Rcd8 45. Qe2 (45. Qc2 {was worth a try.}) 45... Qd6 $19 46. e5 $2 (46. h4 {nothing else works.}) 46... Rxe5 47. Qb2 {Black must now prevent Rd1.} Qd4 48. Qb1 {aiming for Rd1.} Qd3 49. Qb2 Qc3 50. Qb1 Rd3 51. Rd1 Rxf3 52. Rd7+ Kf6 53. Rf7+ Kxf7 54. Qh7+ Ke6 55. Qg8+ Kd7 56. Qf7+ Kd6 {( -> ...Rxf2+!)} 57. Qf8+ {[#]} Re7 $1 {Black mates.} 58. Qd8+ Ke6 59. Qg8+ Rf7 60. Qc8+ Kf6 61. Qh8+ Ke7 {Weighted Error Value: White=0.74/Black=0.39} 0-1

[Event "Chess Festival Cracovia B 2020"]
[Site "Krakow"]
[Date "2020.12.30"]
[Round "4.9"]
[White "Swider, Pawel"]
[Black "Krawczyk, Flawian"]
[Result "0-1"]
[WhiteElo "1893"]
[BlackElo "2073"]
[Annotator "TA"]
[PlyCount "62"]
[EventDate "2020.12.28"]
[EventCountry "POL"]
[SourceTitle "playchess.com"]
[Source "ChessBase"]
[SourceQuality "1"]

{[%evp 15,62,33,65,74,72,58,74,27,131,134,173,99,179,119,250,86,79,-82,-45,-46,-47,-104,-76,-130,-122,-162,-152,-438,-439,-437,-439,-616,-633,-631,-627,-611,-613,-623,-588,-1090,-1041,-864,-853,-29982,-29980,-6099,-5302,-6403,-609]} 1. d4 Nf6 2. c4 c5 3. Nf3 cxd4 4. Nxd4 e5 5. Nb5 d5 6. cxd5 Bc5 7. N5c3 O-O 8. g3 Ng4 9. e3 $1 {A31: Symmetrical English: 2 Nf3 Nf6 3 d4.} f5 10. Be2 $1 Qg5 {[#] Recently 10...Nd7 got a lot of attention.} 11. O-O $146 {White is better.} (11. h3 $5 {[%cal Rh3g4]} Nf6 12. a3 $16) ({Predecessor:} 11. Bxg4 fxg4 12. O-O Qh5 13. Ne4 Nd7 14. d6 Kh8 15. Qd5 Nf6 16. Nxf6 Rxf6 17. d7 Bxd7 18. Qxd7 {0-1 (30) Christensen,K (2009)-Akdag,D (2164) Copenhagen 2010}) 11... h5 (11... Qh5 $11 12. Bxg4 fxg4) 12. Nd2 $16 Nd7 13. Nc4 (13. Na4 $18) 13... a6 (13... h4 $16 {was necessary.}) 14. a4 (14. d6 $18) 14... Qg6 (14... Ndf6 $16) 15. Kg2 $2 (15. d6 $18 {and White stays clearly on top.}) 15... h4 16. f4 $2 {[#]} (16. d6 $1 $16 {keeps the pressure on.}) 16... exf4 $1 $17 {aiming for ...hxg3.} 17. Bxg4 fxg4 18. Rxf4 (18. exf4 $15 Qh5 19. gxh4) 18... Rxf4 19. exf4 (19. gxf4 $142 g3 20. Kh1) 19... hxg3 20. hxg3 Qh7 {[%csl Gg4][%cal Rh7h3]} 21. Qh1 (21. Be3 $17 Qh3+ 22. Kf2 Qh2+ 23. Kf1) 21... Qc2+ $19 ({Not} 21... Qd3 22. Qf1 $11) 22. Bd2 {[#]} Nb6 $1 {[%cal Rb6c4]} (22... Qd3 23. Qf1 $16) 23. b4 (23. Rc1 $142 Qd3 {[%mdl 64] Double Attack} 24. Qf1 Qxf1+ 25. Kxf1 Nxc4 26. Ne4 Nxd2+ 27. Nxd2) 23... Nxc4 24. Ra2 Qd3 25. bxc5 {intending Qf1.} Nxd2 26. Qe1 {[#]} Bf5 $1 {White must now prevent ...Nf3.} 27. Qxd2 (27. Rxd2 Qxc3) 27... Qf3+ 28. Kg1 Qxg3+ 29. Kf1 Bd3+ 30. Ne2 Rf8 31. Ra3 Rxf4+ {Weighted Error Value: White=0.99/Black=0.31} 0-1

[Event "Chess Festival Cracovia B 2020"]
[Site "Krakow"]
[Date "2020.12.30"]
[Round "4.10"]
[White "Szarwacki, Dominik"]
[Black "Kumor, Lukasz"]
[Result "1-0"]
[WhiteElo "1878"]
[BlackElo "2034"]
[Annotator "NA"]
[PlyCount "115"]
[EventDate "2020.12.28"]
[EventCountry "POL"]
[SourceTitle "playchess.com"]
[Source "ChessBase"]
[SourceQuality "1"]

1. e4 e6 2. d4 d5 3. Nc3 Nf6 4. Bg5 Be7 5. e5 Nfd7 6. h4 Bxg5 7. hxg5 Qxg5 8. Nh3 Qh4 9. g3 Qe7 10. Qg4 g6 11. Ng5 h5 12. Qf4 Nb6 13. a4 a5 14. Nb5 Nc6 15. c3 Na7 16. Nxa7 Rxa7 17. Rh4 Bd7 18. b3 O-O 19. Qe3 f6 20. exf6 Qxf6 21. Bd3 Raa8 22. Ke2 Rae8 23. Nf3 e5 24. dxe5 Qg7 25. Rf4 Bg4 26. Kd2 Bxf3 27. Rxf3 Rxf3 28. Qxf3 Rxe5 29. Qh1 c6 30. f4 Re7 31. Qh4 Re8 32. Qg5 Kf7 33. f5 Qf6 34. fxg6+ Kg7 35. Qxf6+ Kxf6 36. Rf1+ Ke6 37. Re1+ Kd7 38. Bf5+ Kd8 39. Be6 Nd7 40. g7 Nf6 41. Bf7 Re7 42. Rxe7 Kxe7 43. g8=Q Nxg8 44. Bxg8 Kf8 45. Be6 Ke7 46. Bc8 b5 47. Ba6 bxa4 48. bxa4 Kf6 49. Bb7 Kg5 50. Bxc6 Kg4 51. Bxd5 Kxg3 52. Ke3 Kg4 53. Ke4 h4 54. c4 Kg5 55. Ke5 h3 56. c5 h2 57. c6 h1=R 58. Bxh1 1-0

[Event "Chess Festival Cracovia B 2020"]
[Site "Krakow"]
[Date "2020.12.30"]
[Round "4.11"]
[White "Czaplak, Lukasz"]
[Black "Slezinski, Nikodem"]
[Result "0-1"]
[WhiteElo "1865"]
[BlackElo "2023"]
[Annotator "TA"]
[PlyCount "82"]
[EventDate "2020.12.28"]
[EventCountry "POL"]
[SourceTitle "playchess.com"]
[Source "ChessBase"]
[SourceQuality "1"]

{[%evp 17,82,0,0,0,0,0,0,0,0,-201,4,0,164,152,135,71,232,75,83,9,10,-41,-43,-43,-50,-46,-45,-79,-84,-76,-75,-83,-79,-69,-58,-61,-64,-49,-47,-108,-108,-129,-47,-96,-88,-83,-41,-138,-126,-132,-131,-130,-105,-99,-120,-424,-415,-1110,-1102,-1089,-1077,-1060,-1067,-1034,-1010,-968,-937]} 1. e4 e5 2. Nf3 Nc6 3. Bc4 Bc5 4. c3 Nf6 5. d4 exd4 6. e5 d5 7. Bb5 Ne4 8. cxd4 Bb6 9. Nc3 O-O 10. h3 {C54: Giuoco Piano: 4 c3 Nf6, main lines with 5 d4 and 5 d3.} f6 11. O-O fxe5 12. Bxc6 {The position is equal.} bxc6 13. Nxe5 $2 {[#]} (13. Nxe4 $11 {and White has nothing to worry.} dxe4 14. Qb3+ Qd5 15. Nxe5) 13... Ba6 $2 (13... Nxf2 $1 $19 {[%mdl 512]} 14. Rxf2 Rxf2 15. Kxf2 Qh4+ {[%mdl 64] Double Attack} 16. Ke3 c5 17. dxc5 Bxc5+ 18. Kd2 Qg5+ 19. Kc2 Qxe5 20. Qxd5+ Qxd5 21. Nxd5 Bf5+ 22. Kc3 Rd8) 14. Nxe4 $11 Bxf1 $2 (14... dxe4 $11 {and Black stays safe.} 15. Qb3+ (15. Nxc6 $2 Qd6 $19) 15... Qd5) 15. Ng5 $1 $18 {[#]} Ba6 $146 ({Wrong is} 15... h6 $2 16. Ne6) ({Predecessor:} 15... Qf6 16. Qxf1 Bxd4 17. Ng4 Qf5 18. Nf3 Bb6 19. Be3 h5 20. Nge5 Bxe3 21. fxe3 c5 {1-0 (44) Uruci,E (2123)-Maltezeanu,S (1936) Mamaia 2017}) 16. Ne6 (16. Qc2 $142 {[%csl Gg5][%cal Rc2h7]} g6 17. Ne6 {[%mdl 64] Remove Defender}) 16... Qd6 $2 (16... Qf6 $16 {keeps fighting.} 17. Nxf8 Rxf8) 17. Nxf8 $2 (17. Qg4 $18 {[%csl Ge6][%cal Rg4g7]} Qe7 18. Bg5 (18. Nxf8 Rxf8 19. Bg5 Qd6 $14)) 17... Rxf8 $16 18. Be3 ({Better is} 18. a4 $1 $16) 18... c5 $11 19. Nf3 (19. dxc5 $1 $11 Qxe5 20. Qd2) 19... cxd4 $15 20. Bxd4 c5 $36 {[%mdl 2048] Black has some pressure.} 21. Be5 Qe6 22. Bg3 d4 23. Qa4 Be2 24. Re1 d3 {...Rxf3 is the strong threat.} 25. Nd2 Qh6 26. Qc4+ Kh8 27. Qc3 Qg5 {Hoping for ...c4.} 28. Kh2 (28. Nc4 $15) 28... c4 $17 29. Ne4 Qa5 (29... Qd5 $1 $17 {[%cal Rd5e4]} 30. Qb4 Re8) 30. Nd2 Qxc3 31. bxc3 Bd4 32. Ne4 {[#]} ({Don't go for} 32. cxd4 $2 c3 $19) (32. Rc1 $1 $15 Bf6 33. Nxc4) 32... Re8 $1 {[%cal Re8e4]} 33. Rb1 {[#]} h6 $1 34. Nd6 {[#]} Re6 $1 {Strongly threatening ...d2.} 35. cxd4 c3 {And now ...d2 would win.} 36. Nc4 {[%mdl 8192]} (36. d5 $17 {is tougher.} c2 37. Rb8+ Kh7 38. dxe6) 36... d2 $19 37. d5 (37. Nxd2 $142 cxd2 38. d5) 37... Bxc4 {Black is clearly winning.} 38. dxe6 c2 39. Rb8+ Kh7 40. e7 Bf7 41. Rf8 Bg6 {Quite a comeback for Black.  Weighted Error Value: White=0.61/Black=0.23} 0-1

[Event "Chess Festival Cracovia B 2020"]
[Site "Krakow"]
[Date "2020.12.31"]
[Round "5.1"]
[White "Zarnowski, Krzysztof"]
[Black "Musial, Tomasz"]
[Result "1/2-1/2"]
[WhiteElo "2062"]
[BlackElo "2026"]
[Annotator "TA"]
[PlyCount "66"]
[EventDate "2020.12.28"]
[EventCountry "POL"]
[SourceTitle "playchess.com"]
[Source "ChessBase"]
[SourceQuality "1"]

{[%evp 23,66,23,27,12,29,0,0,0,0,0,19,13,46,46,46,37,50,27,36,1,15,15,15,10,10,11,14,14,9,7,8,8,7,14,10,0,0,0,3,3,4,6,5,0,1]} 1. d4 Nf6 2. c4 e6 3. Nf3 b6 4. g3 Bb7 5. Bg2 Be7 6. O-O O-O 7. Nc3 Ne4 8. Qc2 Nxc3 9. Qxc3 c5 10. Rd1 d6 11. b3 Bf6 12. Bb2 Qe7 {12...Nd7 is not played anymore.} 13. Qd2 {was the old line (13.Qc2). E19: Queen's Indian: Old Main Line with 7...Ne4 8 Qc2 Nxc3 8 Qxc3.} Nd7 14. dxc5 Bxb2 15. Qxb2 dxc5 16. Rd2 {[#]} Rfd8 $146 ({Predecessor:} 16... Rad8 17. Rad1 Nb8 18. Nh4 Bxg2 19. Kxg2 Qb7+ 20. Nf3 Nc6 {½-½ (20) Prati,A (2239)-Vliet,E (2213) ICCF email 2018}) 17. Rad1 Nf6 18. Ne5 {[#] Threatens to win with Rxd8+.} Bxg2 19. Kxg2 Qc7 20. f3 Kf8 21. b4 Rxd2 {The position is equal.} 22. Rxd2 cxb4 23. Qxb4+ Kg8 24. Qd6 Qxd6 25. Rxd6 $11 {[%mdl 4096] Endgame KRN-KRN} Kf8 26. Rc6 {[#] Strongly threatening Rc7.} Ne8 {aiming for ...f6.} 27. c5 f6 28. Nc4 ({Wrong is} 28. cxb6 $2 fxe5 29. b7 Rb8 $19) 28... Ke7 29. cxb6 axb6 30. Rxb6 Rxa2 31. Rb7+ Kf8 32. Kf2 Rc2 33. Nb2 Rc7 {Weighted Error Value: White=0.08/Black=0.05} 1/2-1/2

[Event "Chess Festival Cracovia B 2020"]
[Site "Krakow"]
[Date "2020.12.31"]
[Round "5.2"]
[White "Jankowiak, Piotr"]
[Black "Golenia, Jan"]
[Result "1/2-1/2"]
[WhiteElo "2031"]
[BlackElo "2070"]
[Annotator "TA"]
[PlyCount "88"]
[EventDate "2020.12.28"]
[EventCountry "POL"]
[SourceTitle "playchess.com"]
[Source "ChessBase"]
[SourceQuality "1"]

{[%evp 9,88,4,33,17,29,0,0,4,13,-25,0,0,0,0,22,9,31,-8,-2,-49,-49,-82,-97,-129,-91,-142,-139,-134,-79,-134,-134,-141,-137,-138,-130,-146,-181,-171,-178,-168,-143,-153,-159,-150,-139,-143,-156,-158,-158,-354,-360,-360,-360,-320,-314,-318,-318,-277,-179,-171,-148,-220,-133,-98,-37,-16,0,0,0,0,0,0,0,0,0,0,0,0,0,0,0]} 1. d4 Nf6 2. Bf4 e6 3. e3 b6 4. Nf3 Bb7 5. Nbd2 g6 6. h3 {A47: 1 d4 Nf6 2 Nf3 b6: Torre, London and Colle Systems.} Bg7 7. Be2 $1 {[%mdl 4] now scores much better than the old 7.Bd3.} d6 8. O-O O-O 9. c4 Nbd7 10. Qc2 Qe7 {[#]} 11. Rad1 $146 ({Predecessor:} 11. e4 e5 12. dxe5 dxe5 13. Be3 Rfd8 {½-½ (13) Saavedra Valverde,L (1953)-Cabrera Calderon,D (1820) Trujillo 2016}) 11... Nh5 12. Bh2 f5 13. Ne1 Nhf6 14. f4 c5 15. Bf3 d5 16. Nd3 Rac8 17. Qa4 ({White should play} 17. Ne5) 17... cxd4 $17 18. exd4 Bc6 ({Better is} 18... Ne4 19. Ne5 Nxe5 20. dxe5 Qc5+ 21. Kh1 Nxd2 22. Rxd2 Qxc4 23. Qxc4 Rxc4) 19. Qb3 (19. Qb4 $142 Qxb4 20. Nxb4) 19... Ne4 20. Ne5 Nxe5 21. dxe5 dxc4 22. Nxc4 Bd5 23. Qa3 Qxa3 24. Nxa3 a6 25. b3 Rf7 26. Nc4 Bxc4 27. bxc4 Rxc4 28. Bxe4 fxe4 ({Don't play} 28... Rxe4 29. Rd6 $15) 29. Rd6 $2 {[#]} (29. g4 $17) 29... Bf8 $19 30. Rxe6 Bc5+ 31. Kh1 e3 32. Re8+ Rf8 33. Rxf8+ Kxf8 {[%mdl 4096] Endgame KRB-KRB} 34. Re1 Kf7 35. Bg1 (35. g3 $17) 35... Rc3 36. g4 Ke6 (36... b5 $17) 37. Kg2 $15 Rc2+ {The position is equal.} 38. Kf3 Rxa2 39. Bxe3 Ra3 40. Ke4 {[#] Threatens to win with f5+.} Ra4+ 41. Kf3 {Strongly threatening f5+!} Ra3 42. Ke4 {Hoping for f5+.} Rxe3+ 43. Rxe3 Bxe3 44. f5+ gxf5+ {White happily takes the draw.  Weighted Error Value: White=0.19/Black=0.13} 1/2-1/2

[Event "Chess Festival Cracovia B 2020"]
[Site "Krakow"]
[Date "2020.12.31"]
[Round "5.3"]
[White "Prieb, Robert"]
[Black "Gorkiewicz, Mateusz"]
[Result "1-0"]
[WhiteElo "2032"]
[BlackElo "2014"]
[Annotator "TA"]
[PlyCount "107"]
[EventDate "2020.12.28"]
[EventCountry "POL"]
[SourceTitle "playchess.com"]
[Source "ChessBase"]
[SourceQuality "1"]

{[%evp 15,107,6,4,0,15,7,32,7,6,-18,-25,-38,-10,-22,-19,-31,62,0,0,0,52,66,144,125,223,213,245,259,267,170,529,527,516,521,482,503,533,552,679,678,670,625,696,658,626,501,581,571,565,549,532,510,637,633,581,495,578,570,574,558,863,701,861,850,843,850,872,868,1143,1054,1728,1680,1356,1210,12839,12839,12844,12844,12845,12845,12845,12846,12847,12847,12848,12848,12849,12849,12850,27999,27999,27999,27999,27999]} 1. d4 Nf6 2. c4 e6 3. Nc3 d5 4. Nf3 Be7 5. Bf4 O-O 6. e3 Nbd7 7. c5 c6 8. Bd3 {8.h3 is the hot move.} b6 9. b4 {D37: Queen's Gambit Declined: 5 Bf4.} a5 10. a3 Ba6 {White must now prevent ...Bxd3.} 11. Bxa6 {White is slightly better.} (11. O-O {is interesting.} Qc8 12. Qc2 Qb7 13. Rfb1 axb4 14. axb4 Bxd3 15. Qxd3 Rxa1 16. Rxa1 Ra8 17. Qd1) 11... Rxa6 12. b5 cxb5 13. c6 {[#]} Qc8 $1 14. c7 b4 15. Nb5 Nh5 (15... a4 $15) 16. Qc2 ({Better is} 16. O-O $14) 16... Nxf4 $11 17. exf4 bxa3 ({Black should play} 17... a4 $1 $11) 18. O-O $14 Qb7 {[#] White now steadily converts the win.} (18... Ra8 $14) 19. Rfc1 $146 {[%mdl 128] White wants a kill.} ({Predecessor:} 19. Ne5 Nc5 20. dxc5 bxc5 21. Rfb1 c4 22. Nd7 Rfa8 23. Qa4 h6 24. h3 Qc8 25. Nb8 {½-½ (32) Sedlak,N (2557)-Pavlovic,M (2534) Vrnjacka Banja 2010}) 19... Raa8 {[#]} (19... Rc8 $16 {is a better defense.}) 20. Ne5 $1 $18 {[%cal Re5d7]} Nxe5 21. fxe5 Bg5 22. Nd6 Qa6 (22... Qa7 {is more resistant.}) 23. c8=Q Raxc8 24. Qxc8 ({Stronger than} 24. Nxc8 Bxc1 25. Ne7+ (25. Rxc1 Qb5 $11) 25... Kh8 $11) 24... Qd3 25. Qc3 Qg6 26. Rcb1 f6 27. Rxb6 fxe5 28. dxe5 Bf4 29. g3 Qg5 30. h4 Qxe5 31. Qxe5 Bxe5 32. Rxa3 Bd4 33. Rc6 Bxf2+ 34. Kg2 Be1 35. Rf3 Bb4 36. Rxf8+ Kxf8 37. Ra6 d4 38. Kf3 Ke7 39. Nc4 d3 40. Nxa5 d2 41. Ke2 Bd6 42. g4 Bg3 43. h5 Kf6 44. Kxd2 Kg5 45. Rxe6 Kxg4 46. Re7 Bf4+ 47. Ke2 Bh6 48. Nc4 Kxh5 49. Ne5 Kg5 50. Rf7 Kh5 51. Kf3 Bc1 52. Rxg7 Kh6 53. Rg1 Bd2 54. Ke4 {Weighted Error Value: White=0.18/Black=0.55} 1-0

[Event "Chess Festival Cracovia B 2020"]
[Site "Krakow"]
[Date "2020.12.31"]
[Round "5.4"]
[White "Sowinski, Pawel"]
[Black "Szczurek, Krzysztof"]
[Result "1/2-1/2"]
[WhiteElo "1767"]
[BlackElo "2031"]
[Annotator "RC"]
[PlyCount "71"]
[EventDate "2020.12.28"]
[EventCountry "POL"]
[SourceTitle "playchess.com"]
[Source "ChessBase"]
[SourceQuality "1"]

1. e4 c5 2. Nf3 Nc6 3. Bb5 g6 4. O-O Bg7 5. Re1 d6 6. c3 a6 7. Ba4 b5 8. Bc2 Nf6 9. h3 e5 10. a4 Rb8 11. d3 O-O 12. Be3 h6 13. axb5 axb5 14. Nbd2 Nh5 15. Nf1 Qf6 16. N1h2 Nf4 17. Qd2 g5 18. Red1 Be6 19. Ra6 Rfc8 20. Kh1 Qe7 21. Bxf4 exf4 22. d4 cxd4 23. Nxd4 Nxd4 24. cxd4 Qc7 25. Bb1 Bb3 26. Re1 b4 27. Nf3 Rb6 28. Rxb6 Qxb6 29. e5 dxe5 30. Qd3 Bd5 31. Qh7+ Kf8 32. Nxe5 Rd8 33. Bf5 Qd6 34. f3 Bb7 35. Bg6 Bd5 36. Bf5 1/2-1/2

[Event "Chess Festival Cracovia B 2020"]
[Site "Krakow"]
[Date "2020.12.31"]
[Round "5.5"]
[White "Slezinski, Nikodem"]
[Black "Golenia, Wojciech"]
[Result "0-1"]
[WhiteElo "2023"]
[BlackElo "2004"]
[Annotator "TA"]
[PlyCount "88"]
[EventDate "2020.12.28"]
[EventCountry "POL"]
[SourceTitle "playchess.com"]
[Source "ChessBase"]
[SourceQuality "1"]

{[%evp 17,88,12,25,30,35,2,0,0,0,0,0,-154,-136,-145,-155,-153,-117,-250,-129,-128,-125,-140,-120,-120,-125,-119,-129,-117,-109,-131,-133,-142,-150,-156,-132,-195,-187,-175,-178,-250,-245,-225,-219,-206,-210,-237,-192,-183,-165,-235,-235,-227,-220,-216,-138,-226,-218,-216,-114,-131,-86,-85,-86,-546,-546,-660,-645,-584,-539,-336,-524,-491,-484]} 1. d4 Nf6 2. Bf4 e6 3. e3 c5 4. c3 Nc6 5. Nd2 d5 6. Ngf3 Bd6 7. Bg3 O-O 8. Bd3 Qe7 9. Ne5 Nd7 (9... g6 {looks sharper.} 10. Ndf3 Qc7 11. Bc2 b6 12. Nxc6 Qxc6 13. Bxd6 Qxd6 14. O-O Bb7) 10. Nxd7 {D02: 1 d4 d5 2 Nf3 sidelines, including 2...Nf6 3 g3 and 2...Nf6 3 Bf4.} Qxd7 $1 {[%mdl 4] is recently more successful than 10...Bxd7.} 11. Bxd6 Qxd6 12. dxc5 {The position is equal.} Qxc5 {[#]} 13. Qh5 $146 {[%csl Gd3][%cal Rh5h7] [#]} ({Predecessor:} 13. Bxh7+ Kxh7 14. Qh5+ Kg8 15. Ne4 g6 {½-½ (15) Riazantsev,A (2645)-Popov,I (2604) Moscow 2019}) 13... f5 14. e4 $2 (14. Nb3 $11 Qb6 15. O-O) 14... Ne5 $17 (14... fxe4 15. Nxe4 Qe7 16. Ng5 $11) 15. Bc2 dxe4 16. O-O-O b6 {And now ...Ba6 would win.} ({Don't do} 16... Qxf2 17. Nxe4 Qf4+ 18. Nd2 $15) 17. g4 (17. f3 $17 {keeps fighting.}) 17... Nd3+ ({Resist} 17... Qxf2 18. gxf5 Qxf5 19. Qe2 $17) ({Better is} 17... Ba6 $19 18. gxf5 exf5) 18. Bxd3 exd3 19. gxf5 Qxf5 20. Qh4 Qxf2 21. Qe4 Ba6 22. Qxe6+ Qf7 23. Qxf7+ Rxf7 24. Rde1 Rf2 25. Re7 Re2 26. Re1 (26. Rd7 $17 {was called for.}) 26... Rf8 27. R7xe2 dxe2 $19 {[%mdl 4096] Endgame KRB-KRN} 28. c4 (28. Ne4 $142) 28... Rf2 29. h3 b5 30. b3 bxc4 31. bxc4 Rf4 32. Rxe2 Bxc4 33. Re7 (33. Nxc4 {was necessary.} Rxc4+ 34. Kb2) 33... Bxa2 34. Rxa7 Be6 35. Ra3 Rh4 36. Nf3 (36. Ra8+ $17 {was worth a try.} Kf7 37. Nf3) 36... Rc4+ (36... Rxh3 37. Ra8+ Kf7 38. Ng5+ Ke7 39. Nxh3 $11) 37. Kd2 h6 (37... Bxh3 $19 38. Kd3 Rc8) 38. Kd3 Rc1 39. h4 Bd5 40. Ke3 {[%mdl 8192] [#]} (40. Nd2 $17) 40... Rh1 $1 41. Ra4 Rh3 42. Rf4 Bxf3 43. Rxf3 Rxh4 (43... Rxf3+ $142 44. Kxf3 h5) 44. Kf2 Rg4 {Weighted Error Value: White=0.48/Black=0.16} 0-1